000 00622nam a22002057a 4500
999 _c179600
_d179600
005 20210623160453.0
010 _aB-740284
020 _a9781439149959
_c499.00
035 _aB-740284
037 _bGift
082 _a901
100 _aDurant, Will
245 _aThe lessons of history /
_cby Will Durant [and] Ariel Durant
260 _aNew York
_bSimon & Schuster
_c1996
270 _a1230 Avenue of the Americas
_bNew York
300 _a117p.
_c21cm(pbk)
500 _ainclude index
942 _2ddc
_cEN
_h901
_mDUR